[Event "Manitoba op U1800"]
[Site "Winnipeg CAN"]
[Date "2025.05.10"]
[Round "2.17"]
[White "Villamar, Flyn"]
[Black "Atoyebi, Olushola"]
[Result "1-0"]
[WhiteElo "1591"]
[BlackElo "1781"]
[WhiteFideId "-1"]
[WhiteFideId "-1"]
[PlyCount "155"]
[GameId "2183595120130605"]
[EventDate "2025.05.09"]
[EventType "swiss"]
[EventRounds "5"]
[EventCountry "CAN"]

1. e4 e5 2. Nf3 Nc6 3. Bc4 Be7 4. c3 Nf6 5. d3 d6 6. O-O O-O 7. Re1 Bg4 8. Bg5 h6 9. Bh4 a6 10. Nbd2 Na5 11. Bb3 Nxb3 12. Qxb3 Rb8 13. h3 Bh5 14. d4 Nd7 15. Bg3 Bg6 16. dxe5 dxe5 17. Bxe5 Nxe5 18. Nxe5 Kh8 19. Ndf3 Bd6 20. Rad1 Qe7 21. Nxg6+ fxg6 22. e5 Bc5 23. e6 Bd6 24. Re2 b6 25. Qc4 b5 26. Qe4 Rf6 27. Nd4 Re8 28. Qc6 Qf8 29. Qxa6 b4 30. cxb4 Bxb4 31. Qc4 Bd6 32. Nb5 Rf4 33. Qc2 Rf6 34. Nxd6 cxd6 35. Qc6 Rexe6 36. Rdd2 Qd8 37. Rxe6 Rxe6 38. Qd5 Rf6 39. a4 Qb6 40. Rc2 Rf8 41. a5 Qb4 42. Qd2 Qa4 43. Qxd6 Ra8 44. Qxg6 Qxa5 45. Re2 Qb5 46. Qe4 Rc8 47. Kh2 Qb8+ 48. Qe5 Qb3 49. Re3 Qc2 50. Rg3 Rg8 51. Rg4 Qxf2 52. b4 Qb6 53. b5 Kh7 54. Rg3 Kh8 55. h4 Kh7 56. h5 Qa5 57. Qf5+ Kh8 58. Re3 Qa7 59. Re6 Rd8 60. Rxh6+ Kg8 61. Qe6+ Qf7 62. Rh8+ Kxh8 63. Qxf7 Rb8 64. Qd5 Re8 65. b6 Rf8 66. b7 Kh7 67. Qd6 Re8 68. b8=Q Rxb8 69. Qxb8 Kh6 70. Qh8+ Kg5 71. Qxg7+ Kxh5 72. g4+ Kh4 73. Qh6+ Kxg4 74. Qf6 Kh5 75. Qg7 Kh4 76. Kg2 Kh5 77. Kf3 Kh4 78. Qg4# 1-0

[Event "Manitoba op U1800"]
[Site "Winnipeg CAN"]
[Date "2025.05.10"]
[Round "2.18"]
[White "Zhang, Ian"]
[Black "Rosenstock, Samuel"]
[Result "1-0"]
[WhiteElo "1644"]
[BlackElo "1752"]
[WhiteFideId "-1"]
[WhiteFideId "-1"]
[PlyCount "69"]
[GameId "2183595120130606"]
[EventDate "2025.05.09"]
[EventType "swiss"]
[EventRounds "5"]
[EventCountry "CAN"]

1. e4 e6 2. d4 d5 3. Bd3 c5 4. exd5 exd5 5. dxc5 Bxc5 6. Nf3 Ne7 7. O-O Bg4 8. h3 Bh5 9. Bf4 Nbc6 10. c3 a5 11. Nbd2 Bg6 12. Bxg6 Nxg6 13. Re1+ Nge7 14. Nb3 Ba7 15. Nbd4 O-O 16. Nb5 Bb8 17. Bxb8 Qxb8 18. Nbd4 Ng6 19. Qb3 Qd8 20. Rad1 Nge7 21. Qxb7 Rb8 22. Nxc6 Rxb7 23. Nxd8 Rxd8 24. Nd4 Rxb2 25. Rxe7 Rxa2 26. Rde1 g6 27. Re8+ Rxe8 28. Rxe8+ Kg7 29. Ra8 Kf6 30. Kh2 a4 31. f4 Ra3 32. Ra5 Rxc3 33. Rxa4 Rc4 34. Rxc4 dxc4 35. Kg3 1-0

[Event "Manitoba op U1800"]
[Site "Winnipeg CAN"]
[Date "2025.05.10"]
[Round "2.19"]
[White "Baylon, Jorel"]
[Black "Stewart, Michael"]
[Result "0-1"]
[WhiteElo "1782"]
[BlackElo "1448"]
[WhiteFideId "-1"]
[WhiteFideId "-1"]
[PlyCount "102"]
[GameId "2183595120130607"]
[EventDate "2025.05.09"]
[EventType "swiss"]
[EventRounds "5"]
[EventCountry "CAN"]

1. d4 Nf6 2. Bf4 d5 3. Nf3 Bf5 4. e3 e6 5. Bd3 Bxd3 6. cxd3 Bb4+ 7. Nc3 O-O 8. O-O Nc6 9. h3 h6 10. Rc1 Bd6 11. Ne5 Nd7 12. Nxc6 bxc6 13. Ne2 c5 14. dxc5 Nxc5 15. a3 a5 16. Bxd6 Qxd6 17. Qc2 Na6 18. e4 d4 19. Qa4 Nc5 20. Qc4 Na6 21. Nxd4 Rad8 22. Nb5 Qxd3 23. Qxd3 Rxd3 24. Nxc7 Nxc7 25. Rxc7 Rb3 26. Rb1 e5 27. f3 Rfb8 28. Ra7 R3b5 29. Rc1 R8b7 30. Rc8+ Kh7 31. Rxb7 Rxb7 32. Rc5 f6 33. Rc2 Kg8 34. Kf2 Kf7 35. Ke3 g5 36. Kd3 Rb3+ 37. Kc4 a4 38. Rd2 Ke7 39. Rd5 Rxb2 40. Ra5 Rxg2 41. Rxa4 Rg3 42. Ra7+ Kd8 43. a4 Rxh3 44. a5 Rxf3 45. a6 h5 46. Rh7 Ra3 47. Kb4 Rxa6 48. Rxh5 Rd6 49. Kc5 Rd4 50. Kc6 Ke7 51. Rh7+ Ke6 0-1

[Event "Manitoba op U1800"]
[Site "Winnipeg CAN"]
[Date "2025.05.10"]
[Round "2.20"]
[White "Trueman, Francis"]
[Black "Adeyemi, Adebowale"]
[Result "0-1"]
[WhiteElo "1549"]
[BlackElo "1781"]
[WhiteFideId "-1"]
[WhiteFideId "-1"]
[PlyCount "58"]
[GameId "2183595120130608"]
[EventDate "2025.05.09"]
[EventType "swiss"]
[EventRounds "5"]
[EventCountry "CAN"]

1. e4 e6 2. d3 c5 3. Nd2 Nc6 4. Ngf3 Nge7 5. Be2 d5 6. c3 Ng6 7. O-O Bd6 8. Re1 O-O 9. Nf1 b6 10. exd5 exd5 11. Ne3 d4 12. cxd4 Nxd4 13. Nxd4 cxd4 14. Nf1 Bb7 15. Bd2 Qd7 16. Bg4 f5 17. Bf3 Kh8 18. Bxb7 Qxb7 19. f3 Rae8 20. Rxe8 Rxe8 21. Qa4 Rf8 22. Re1 Qf7 23. Ng3 h6 24. Ne2 Re8 25. Bxh6 gxh6 26. Qxd4+ Be5 27. Qb4 Qe7 28. Qxe7 Rxe7 29. d4 Bxd4+ 0-1

[Event "Manitoba op U1800"]
[Site "Winnipeg CAN"]
[Date "2025.05.10"]
[Round "2.21"]
[White "Lee, Zach Nathaniel"]
[Black "Jo, Asher"]
[Result "1-0"]
[WhiteElo "1425"]
[BlackElo "1745"]
[WhiteFideId "-1"]
[WhiteFideId "-1"]
[PlyCount "71"]
[GameId "2183595120130609"]
[EventDate "2025.05.09"]
[EventType "swiss"]
[EventRounds "5"]
[EventCountry "CAN"]

1. e4 c6 2. d4 d5 3. e5 Bf5 4. Qh5 e6 5. Nc3 Bxc2 6. Nf3 Bb4 7. Bd2 Nd7 8. Ng5 g6 9. Qf3 f5 10. Nxe6 Qc8 11. g4 Ne7 12. a3 Bxc3 13. Bxc3 Be4 14. Qh3 Bxh1 15. f3 Nb6 16. Bb4 Qxe6 17. Qh4 a5 18. Bc5 Na4 19. Bd6 Nc8 20. Kf2 Bxf3 21. Kxf3 fxg4+ 22. Kg3 Nxd6 23. exd6 Qxd6+ 24. Kg2 Nxb2 25. Re1+ Kd7 26. Qxg4+ Kc7 27. Qf3 Raf8 28. Qb3 Nc4 29. Rb1 Nb6 30. Qxb6+ Kd7 31. Kg1 Qc7 32. Bh3+ Kd8 33. Qa7 Qf7 34. Qb8+ Ke7 35. Re1+ Kf6 36. Qe5# 1-0

[Event "Manitoba op U1800"]
[Site "Winnipeg CAN"]
[Date "2025.05.10"]
[Round "2.22"]
[White "Johnston, Devin"]
[Black "Melnyk, James"]
[Result "1/2-1/2"]
[WhiteElo "1413"]
[BlackElo "1647"]
[WhiteFideId "-1"]
[WhiteFideId "-1"]
[PlyCount "88"]
[GameId "2183595120130610"]
[EventDate "2025.05.09"]
[EventType "swiss"]
[EventRounds "5"]
[EventCountry "CAN"]

1. e4 d6 2. d4 Nf6 3. Bd3 e5 4. Nf3 Nbd7 5. Nc3 c6 6. Bd2 Be7 7. dxe5 dxe5 8. O-O O-O 9. Nh4 Nc5 10. Qf3 Nxd3 11. cxd3 Nxe4 12. Nxe4 Bxh4 13. Bb4 Be7 14. Bc3 Qc7 15. Rfe1 Be6 16. Ng3 Bd6 17. Rad1 Rad8 18. a3 Rfe8 19. d4 Bb3 20. Rd3 exd4 21. Rxd4 Rxe1+ 22. Bxe1 Be6 23. h3 Be5 24. Rxd8+ Qxd8 25. Bc3 Qd6 26. Ne4 Qc7 27. Ng5 Bd5 28. Qh5 h6 29. Nxf7 Bxc3 30. Nxh6+ Kf8 31. bxc3 gxh6 32. Qxh6+ Qg7 33. Qd6+ Kg8 34. Qd8+ Kh7 35. Qh4+ Qh6 36. Qe7+ Kh8 37. Qe8+ Bg8 38. Qe5+ Qg7 39. Qh5+ Bh7 40. Qe8+ Qg8 41. Qe5+ Qg7 42. Qe8+ Bg8 43. Qh5+ Qh7 44. Qe5+ Qg7 1/2-1/2

[Event "Manitoba op U1800"]
[Site "Winnipeg CAN"]
[Date "2025.05.10"]
[Round "2.23"]
[White "Pacin, Ondrej"]
[Black "Gannon, Keith"]
[Result "1/2-1/2"]
[WhiteElo "1403"]
[BlackElo "1641"]
[WhiteFideId "-1"]
[WhiteFideId "-1"]
[PlyCount "79"]
[GameId "2183595120130611"]
[EventDate "2025.05.09"]
[EventType "swiss"]
[EventRounds "5"]
[EventCountry "CAN"]

1. e4 e5 2. Nf3 d6 3. Bc4 Be7 4. c3 Nf6 5. d3 Nc6 6. O-O O-O 7. Re1 a6 8. a4 Bd7 9. Nbd2 Na5 10. Ba2 b5 11. b4 Nb7 12. a5 c5 13. Nf1 cxb4 14. cxb4 Rc8 15. Bd2 Bg4 16. h3 Bxf3 17. Qxf3 Qd7 18. Rac1 Rxc1 19. Rxc1 Rc8 20. g4 Rxc1 21. Bxc1 Nd8 22. Ne3 Ne6 23. Nd5 Nxd5 24. Bxd5 Bf6 25. Bxe6 Qxe6 26. Qf5 Qxf5 27. gxf5 g6 28. fxg6 hxg6 29. Kg2 g5 30. Kg3 Kg7 31. Bd2 Kg6 32. Kg4 Be7 33. f3 Bd8 34. Be1 f6 35. Bd2 Be7 36. Be1 Bf8 37. Bd2 Bg7 38. Be1 Bh6 39. Bd2 Bf8 40. Be1 1/2-1/2

[Event "Manitoba op U1800"]
[Site "Winnipeg CAN"]
[Date "2025.05.10"]
[Round "3.11"]
[White "Villamar, Flyn"]
[Black "Klokow, John"]
[Result "1/2-1/2"]
[WhiteElo "1591"]
[BlackElo "1786"]
[WhiteFideId "-1"]
[WhiteFideId "-1"]
[PlyCount "89"]
[GameId "2183595120130614"]
[EventDate "2025.05.09"]
[EventType "swiss"]
[EventRounds "5"]
[EventCountry "CAN"]

1. Nf3 Nf6 2. g3 d5 3. d4 g6 4. Bg2 Bg7 5. O-O O-O 6. c4 dxc4 7. Qa4 Be6 8. Ng5 Bd7 9. Qxc4 Bc6 10. Bxc6 Nxc6 11. Nf3 Qd5 12. Qxd5 Nxd5 13. Nc3 Ndb4 14. e3 Rfd8 15. a3 Nd3 16. Rd1 Nxc1 17. Raxc1 Rd7 18. Ne4 e5 19. Nc5 Rd5 20. Nxb7 Rb8 21. Rxc6 Rxb7 22. b4 exd4 23. exd4 Rd6 24. Rxd6 cxd6 25. Rc1 Kf8 26. Rc6 Ke7 27. Kf1 h6 28. Ke2 Kd7 29. Ra6 Ke6 30. Ra5 Bf6 31. Kd3 Bd8 32. Ra6 Bb6 33. Nd2 d5 34. Nb3 Kf5 35. f3 h5 36. h4 Re7 37. Kd2 Bc7 38. Nc1 Bxg3 39. Ne2 Bxh4 40. Rd6 Bg5+ 41. Ke1 Re3 42. Kf2 Rxa3 43. Ng3+ Kf4 44. Ne2+ Kf5 45. Ng3+ 1/2-1/2

[Event "Manitoba op U1800"]
[Site "Winnipeg CAN"]
[Date "2025.05.10"]
[Round "3.12"]
[White "Breadner, David"]
[Black "Li, Yuchen"]
[Result "1/2-1/2"]
[WhiteElo "1484"]
[BlackElo "1775"]
[WhiteFideId "-1"]
[WhiteFideId "-1"]
[PlyCount "127"]
[GameId "2183595120130615"]
[EventDate "2025.05.09"]
[EventType "swiss"]
[EventRounds "5"]
[EventCountry "CAN"]

1. d4 d5 2. c4 c6 3. Nf3 Nf6 4. Nc3 Nbd7 5. Bg5 e6 6. cxd5 exd5 7. e3 Bd6 8. Bd3 h6 9. Bh4 O-O 10. O-O Qc7 11. h3 Re8 12. Rc1 Qa5 13. Bxf6 Nxf6 14. Qc2 Bd7 15. a3 Rac8 16. b4 Qd8 17. Qb3 a5 18. b5 Qe7 19. bxc6 Bxc6 20. a4 Bb4 21. Nb5 Bxb5 22. Bxb5 Red8 23. Ne5 Qd6 24. Bd3 g6 25. e4 Nd7 26. Rxc8 Rxc8 27. Nxd7 Qxd7 28. Qxd5 Qxd5 29. exd5 Kf8 30. Rd1 Ke7 31. f3 Kd6 32. Kf2 Bc3 33. Rb1 Bxd4+ 34. Ke2 b6 35. f4 Kxd5 36. Kf3 Rc3 37. Rb5+ Bc5 38. Ke2 Kd4 39. Bb1 Ra3 40. Bc2 Ra2 41. Kd1 f5 42. Rb3 Rxa4 43. Rd3+ Kc4 44. Bxa4 Kxd3 45. Be8 g5 46. fxg5 hxg5 47. Bg6 Ke4 48. g4 Kf4 49. Bxf5 Kg3 50. Kc2 a4 51. Kb2 b5 52. Bd7 a3+ 53. Kb3 b4 54. Be6 Kxh3 55. Ka2 Kg3 56. Kb3 Kf3 57. Ka2 Ke3 58. Bf7 Kd2 59. Be6 Kc1 60. Bf7 Bf8 61. Be6 Kc2 62. Bf7 b3+ 63. Bxb3+ Kc3 64. Be6 1/2-1/2

[Event "Manitoba op U1800"]
[Site "Winnipeg CAN"]
[Date "2025.05.10"]
[Round "3.14"]
[White "Hatamian, Arad"]
[Black "Zhang, Ian"]
[Result "1/2-1/2"]
[WhiteElo "1783"]
[BlackElo "1644"]
[WhiteFideId "-1"]
[WhiteFideId "-1"]
[PlyCount "79"]
[GameId "2183595120130617"]
[EventDate "2025.05.09"]
[EventType "swiss"]
[EventRounds "5"]
[EventCountry "CAN"]

1. e4 d5 2. exd5 Qxd5 3. Nf3 Nf6 4. d4 Bg4 5. Be2 e6 6. O-O Be7 7. h3 Bh5 8. c4 Qd8 9. Nc3 O-O 10. Re1 c6 11. Be3 Bb4 12. Qb3 Bxc3 13. bxc3 b6 14. a4 Nbd7 15. a5 Re8 16. Red1 h6 17. Bf4 Qe7 18. axb6 axb6 19. Rxa8 Rxa8 20. Re1 Ra3 21. Qb2 Ra8 22. Ne5 Bxe2 23. Rxe2 Nxe5 24. Bxe5 Nd7 25. Bg3 Qa3 26. Bc7 Qxb2 27. Rxb2 Ra3 28. Bxb6 Rxc3 29. c5 Rc4 30. Ba7 Rxd4 31. Rb7 Rd5 32. Rc7 Nxc5 33. Rxc6 Ne4 34. Rc8+ Kh7 35. Kf1 Ra5 36. Rc7 Kg6 37. Be3 Ra2 38. Rc4 Nd2+ 39. Bxd2 Rxd2 40. Rc7 1/2-1/2

[Event "Manitoba op U1800"]
[Site "Winnipeg CAN"]
[Date "2025.05.10"]
[Round "3.15"]
[White "Adeyemi, Adebowale"]
[Black "Stewart, Michael"]
[Result "1-0"]
[WhiteElo "1781"]
[BlackElo "1448"]
[WhiteFideId "-1"]
[WhiteFideId "-1"]
[PlyCount "79"]
[GameId "2183595120130618"]
[EventDate "2025.05.09"]
[EventType "swiss"]
[EventRounds "5"]
[EventCountry "CAN"]

1. d4 Nf6 2. c4 e6 3. a3 d5 4. c5 a5 5. Bg5 Be7 6. Nf3 O-O 7. e3 Nc6 8. Nc3 h6 9. Bh4 Re8 10. Bd3 Nd7 11. Bg3 Bf6 12. O-O e5 13. Bf5 b6 14. Nxd5 Nf8 15. Be4 exd4 16. Bxc7 Qd7 17. Nxf6+ gxf6 18. Bxc6 Qxc6 19. cxb6 Bg4 20. Nxd4 Bxd1 21. Nxc6 Bb3 22. Rfc1 Ne6 23. b7 Nxc7 24. bxa8=Q Rxa8 25. Ne7+ Kf8 26. Rxc7 Re8 27. Nc6 a4 28. Nd4 Bd5 29. h3 Re5 30. Rac1 Rg5 31. f3 f5 32. Kf2 Rg6 33. Nxf5 Re6 34. Rc8+ Re8 35. Rxe8+ Kxe8 36. Nxh6 Bb3 37. Nf5 Kd7 38. e4 f6 39. Ke3 Ke6 40. Nd4+ 1-0

[Event "Manitoba op U1800"]
[Site "Winnipeg CAN"]
[Date "2025.05.10"]
[Round "3.16"]
[White "Toews, Thomas"]
[Black "Joynt, Kayden"]
[Result "0-1"]
[WhiteElo "1444"]
[BlackElo "1671"]
[WhiteFideId "-1"]
[WhiteFideId "-1"]
[PlyCount "60"]
[GameId "2183595120130619"]
[EventDate "2025.05.09"]
[EventType "swiss"]
[EventRounds "5"]
[EventCountry "CAN"]

1. e4 e6 2. d4 d5 3. e5 c5 4. c3 Nc6 5. Nf3 Bd7 6. Be2 Nge7 7. O-O Ng6 8. g3 Be7 9. Be3 O-O 10. Re1 Rc8 11. Nbd2 cxd4 12. Nxd4 Ngxe5 13. f4 Nxd4 14. Bxd4 Nc6 15. Nf3 Re8 16. b4 Nxd4 17. Qxd4 a5 18. a3 Bd6 19. Qd2 e5 20. Qxd5 Bc6 21. Qd2 Bxf3 22. Qc2 Bxe2 23. fxe5 Qb6+ 24. Kg2 Qc6+ 25. Kh3 Rxe5 26. Rxe2 Rxe2 27. Qxe2 Qd7+ 28. g4 Rxc3+ 29. Kh4 Be7+ 30. Kh5 Rh3# 0-1

[Event "Manitoba op U1800"]
[Site "Winnipeg CAN"]
[Date "2025.05.10"]
[Round "3.20"]
[White "Melnyk, James"]
[Black "Pacin, Ondrej"]
[Result "1-0"]
[WhiteElo "1647"]
[BlackElo "1403"]
[WhiteFideId "-1"]
[WhiteFideId "-1"]
[PlyCount "90"]
[GameId "2183595120138814"]
[EventDate "2025.05.09"]
[EventType "swiss"]
[EventRounds "5"]
[EventCountry "CAN"]

1. e4 c6 2. Nc3 d5 3. Nf3 dxe4 4. Nxe4 Nf6 5. Qe2 Nxe4 6. Qxe4 Nd7 7. d4 Nf6 8. Qd3 h6 9. Be2 e6 10. Bf4 Bd6 11. Ne5 Bxe5 12. Bxe5 Qe7 13. a3 Bd7 14. Qg3 Rg8 15. Qf4 Nd5 16. Qd2 Qg5 17. Qxg5 hxg5 18. h3 Ke7 19. Bf3 Nf4 20. O-O-O f6 21. Bxf4 gxf4 22. Rhe1 Kf7 23. h4 g5 24. hxg5 fxg5 25. Bg4 Kf6 26. Re5 Rae8 27. Rde1 b5 28. Kd2 Rh8 29. Bh3 Rhg8 30. Bg4 Rh8 31. f3 Rh7 32. Kc3 a6 33. Kb4 Rhe7 34. b3 Ra8 35. Kc5 Ra7 36. Kd6 Bc8 37. R1e2 Rad7+ 38. Kxc6 Bb7+ 39. Kc5 Rc7+ 40. Kb4 Rcd7 41. Rxe6+ Kf7 42. Rxe7+ Rxe7 43. Rxe7+ Kxe7 44. Kc5 Kd8 45. Kd6 Ba8 1-0

[Event "Manitoba op U1800"]
[Site "Winnipeg CAN"]
[Date "2025.05.10"]
[Round "3.21"]
[White "Rosenstock, Samuel"]
[Black "Lee, Zach Nathaniel"]
[Result "1-0"]
[WhiteElo "1752"]
[BlackElo "1425"]
[WhiteFideId "-1"]
[WhiteFideId "-1"]
[PlyCount "53"]
[GameId "2183595120138816"]
[EventDate "2025.05.09"]
[EventType "swiss"]
[EventRounds "5"]
[EventCountry "CAN"]

1. d4 c6 2. e4 d5 3. e5 Bf5 4. Nf3 e6 5. Be2 Nd7 6. O-O Ne7 7. c3 Ng6 8. Nbd2 f6 9. exf6 gxf6 10. Nb3 Bd6 11. Bh6 Bc7 12. h4 Nb6 13. h5 Ne7 14. Nc5 Bg4 15. Bg7 Bxf3 16. Bxh8 Qd6 17. g3 Bxe2 18. Qxe2 Kf7 19. Nxb7 Qd7 20. Nc5 Qd6 21. Bxf6 Kxf6 22. Rfe1 e5 23. Qf3+ Kg7 24. Rxe5 h6 25. Ne6+ Kg8 26. Qg4+ Kh8 27. Qg7# 1-0

[Event "Manitoba op U1800"]
[Site "Winnipeg CAN"]
[Date "2025.05.10"]
[Round "3.22"]
[White "Johnston, Devin"]
[Black "Nikkel, Daniel"]
[Result "1-0"]
[WhiteElo "1413"]
[BlackElo "1602"]
[WhiteFideId "-1"]
[WhiteFideId "-1"]
[PlyCount "85"]
[GameId "2183595120138817"]
[EventDate "2025.05.09"]
[EventType "swiss"]
[EventRounds "5"]
[EventCountry "CAN"]

1. e4 e5 2. Nc3 Nc6 3. Bc4 Bc5 4. Qg4 g6 5. Qf3 Qf6 6. Nd5 Qxf3 7. Nxf3 Bb6 8. Nxb6 axb6 9. c3 d6 10. d4 f6 11. Be3 Na5 12. Nd2 Nxc4 13. Nxc4 b5 14. Na3 Bd7 15. O-O Rd8 16. Nc2 Ne7 17. f4 f5 18. fxe5 fxe4 19. Rf2 Nf5 20. exd6 Nxd6 21. Raf1 Bc6 22. Nb4 Kd7 23. Nxc6 Kxc6 24. Rf6 Kd7 25. b3 Nf5 26. Bg5 Rde8 27. g4 Nd6 28. Bf4 e3 29. Bxd6 cxd6 30. Re1 Re4 31. h3 Rhe8 32. Re2 R8e7 33. a3 Kc8 34. Kg2 Rc7 35. Rf8+ Kd7 36. Rf7+ Kc8 37. Rxc7+ Kxc7 38. Kf3 d5 39. Rxe3 b4 40. axb4 b5 41. Rxe4 dxe4+ 42. Kxe4 h6 43. Ke5 1-0

[Event "Manitoba op U1800"]
[Site "Winnipeg CAN"]
[Date "2025.05.10"]
[Round "3.23"]
[White "Tomajian, Abdo-Jose"]
[Black "Baylon, Jorel"]
[Result "0-1"]
[WhiteElo "1592"]
[BlackElo "1782"]
[WhiteFideId "-1"]
[WhiteFideId "-1"]
[PlyCount "60"]
[GameId "2183595120138818"]
[EventDate "2025.05.09"]
[EventType "swiss"]
[EventRounds "5"]
[EventCountry "CAN"]

1. d4 Nf6 2. c4 d5 3. Nc3 c6 4. Nf3 g6 5. e3 Bg7 6. Bd3 O-O 7. O-O Nbd7 8. cxd5 cxd5 9. Ne5 a6 10. a4 Qc7 11. f4 e6 12. Qe2 Nxe5 13. fxe5 Nd7 14. Bd2 Nb8 15. e4 Nc6 16. Be3 Rd8 17. Qf3 dxe4 18. Qxe4 Bf8 19. Ne2 Qe7 20. h4 Bd7 21. Bg5 Qb4 22. Bxd8 Rxd8 23. h5 Be8 24. hxg6 fxg6 25. Qg4 Nxd4 26. Nxd4 Qxd4+ 27. Qxd4 Rxd4 28. Rf3 Bc6 29. Rg3 Bc5 30. Kh1 Rh4+ 0-1

[Event "Manitoba op U1800"]
[Site "Winnipeg CAN"]
[Date "2025.05.10"]
[Round "3.24"]
[White "Jo, Asher"]
[Black "Trueman, Francis"]
[Result "0-1"]
[WhiteElo "1745"]
[BlackElo "1549"]
[WhiteFideId "-1"]
[WhiteFideId "-1"]
[PlyCount "110"]
[GameId "2183595120138819"]
[EventDate "2025.05.09"]
[EventType "swiss"]
[EventRounds "5"]
[EventCountry "CAN"]

1. e4 d6 2. d4 Nd7 3. Bc4 e5 4. dxe5 dxe5 5. Qd5 Qe7 6. Nf3 c6 7. Qd1 Qb4+ 8. c3 Qxc4 9. Qc2 Ngf6 10. Nbd2 Qb5 11. c4 Qb6 12. O-O Bc5 13. Nb3 Be7 14. Be3 Qc7 15. Kh1 O-O 16. a3 Re8 17. Rad1 Nf8 18. Qc3 Nxe4 19. Qxe5 Qxe5 20. Nxe5 Bg5 21. Bxg5 Nxg5 22. Nd3 Bf5 23. f4 Nge6 24. Rd2 Rad8 25. Ndc5 Rxd2 26. Nxd2 Nxc5 27. Nf3 Ng6 28. Nd4 Be4 29. f5 Bd3 30. Rc1 Nf4 31. b4 Nd7 32. h3 Be4 33. Rd1 Nxh3 34. Kh2 Ng5 35. c5 Ne5 36. Kg3 h6 37. Ne2 Bxf5 38. Nd4 Ne4+ 39. Kf4 g6 40. Re1 Nd3+ 41. Ke3 Nxe1 42. Nxf5 gxf5 43. Kf4 Nxg2+ 44. Kxf5 h5 45. b5 Nxc5 46. bxc6 bxc6 47. a4 h4 48. Kg4 Re2 49. Kh3 Nxa4 50. Kh2 Nf4+ 51. Kh1 c5 52. Kg1 c4 53. Kf1 c3 54. Kg1 c2 55. Kf1 c1=Q# 0-1

[Event "Manitoba op U1800"]
[Site "Winnipeg CAN"]
[Date "2025.05.11"]
[Round "4.11"]
[White "Hansima, Charitha"]
[Black "Lake, Pablo"]
[Result "0-1"]
[WhiteElo "1690"]
[BlackElo "1687"]
[WhiteFideId "-1"]
[WhiteFideId "-1"]
[PlyCount "67"]
[GameId "2183595120138820"]
[EventDate "2025.05.09"]
[EventType "swiss"]
[EventRounds "5"]
[EventCountry "CAN"]

1. c4 e5 2. g3 g6 3. Bg2 Bg7 4. Nc3 Nc6 5. Nf3 f5 6. d3 Nf6 7. O-O O-O 8. a3 d6 9. b4 e4 10. Ne1 Kh8 11. Rb1 d5 12. Bb2 d4 13. Na2 e3 14. f3 f4 15. g4 h5 16. g5 Ng8 17. h4 Nge7 18. b5 Ne5 19. Nc2 Nf5 20. Qe1 Nf7 21. Kh2 c5 22. bxc6 bxc6 23. Nab4 Bd7 24. Bh3 Ng3 25. Rg1 a5 26. Bxd7 Qxd7 27. Na2 Be5 28. Nc1 c5 29. Nb3 Qc7 30. Rg2 a4 31. Nc1 Nd6 32. Nxe3 fxe3 33. Rxg3 Nf5 34. Kh3 0-1

[Event "Manitoba op U1800"]
[Site "Winnipeg CAN"]
[Date "2025.05.11"]
[Round "4.12"]
[White "Klokow, John"]
[Black "Breadner, David"]
[Result "1-0"]
[WhiteElo "1786"]
[BlackElo "1484"]
[WhiteFideId "-1"]
[WhiteFideId "-1"]
[PlyCount "125"]
[GameId "2183595120138821"]
[EventDate "2025.05.09"]
[EventType "swiss"]
[EventRounds "5"]
[EventCountry "CAN"]

1. e4 e5 2. Nf3 Nc6 3. Bc4 Bc5 4. O-O d6 5. c3 Nf6 6. d3 h6 7. a4 a5 8. Nbd2 O-O 9. h3 Ne7 10. Re1 Ng6 11. Nf1 Bd7 12. Bb3 Be6 13. Be3 Bxe3 14. Nxe3 Qd7 15. Bxe6 Qxe6 16. Nf5 Ne7 17. N3h4 Kh7 18. Qd2 Ng6 19. Kh2 Nf4 20. Nxg7 Kxg7 21. Nf5+ Kh7 22. g3 N6h5 23. gxf4 Nxf4 24. Rg1 Rg8 25. Rg3 Nh5 26. Rg4 Rxg4 27. hxg4 Nf4 28. Kg3 Rg8 29. Rh1 Rg6 30. f3 Qf6 31. d4 Qg5 32. Kf2 Nh3+ 33. Ke2 Qxd2+ 34. Kxd2 Nf4 35. d5 f6 36. b4 b6 37. bxa5 bxa5 38. Kc2 Ne2 39. Rh2 Nf4 40. Kb3 Nd3 41. Kc4 Ne1 42. Rh3 Rg7 43. Rxh6+ Kg8 44. Rxf6 Rd7 45. Re6 Nxf3 46. Re7 Rxe7 47. Nxe7+ Kf7 48. Nc6 Nd2+ 49. Kd3 Nb3 50. Kc4 Nc5 51. Nxa5 Nxa4 52. Kb4 Nc5 53. Kb5 Nxe4 54. c4 Nc5 55. Kc6 Ke7 56. Kxc7 e4 57. Nc6+ Kf6 58. Kxd6 Nb7+ 59. Kc7 Nc5 60. d6 e3 61. Nd4 Ne6+ 62. Nxe6 Kxe6 63. d7 1-0

[Event "Manitoba op U1800"]
[Site "Winnipeg CAN"]
[Date "2025.05.11"]
[Round "4.13"]
[White "Li, Yuchen"]
[Black "Villamar, Flyn"]
[Result "1/2-1/2"]
[WhiteElo "1775"]
[BlackElo "1591"]
[WhiteFideId "-1"]
[WhiteFideId "-1"]
[PlyCount "117"]
[GameId "2183595120138822"]
[EventDate "2025.05.09"]
[EventType "swiss"]
[EventRounds "5"]
[EventCountry "CAN"]

1. e4 c6 2. d4 d5 3. Nc3 dxe4 4. Nxe4 Nf6 5. Nxf6+ exf6 6. Bc4 Bd6 7. Ne2 O-O 8. O-O Re8 9. Bf4 Bxf4 10. Nxf4 Qb6 11. Bb3 Bf5 12. Qd2 a5 13. c3 a4 14. Rfe1 Qd8 15. Rxe8+ Qxe8 16. Re1 Qd8 17. Bc2 Bxc2 18. Qxc2 Nd7 19. h3 h6 20. Qe2 Qc7 21. Nd3 c5 22. Qg4 Qd6 23. g3 b5 24. a3 Rd8 25. Rd1 cxd4 26. Qxd4 Qxd4 27. cxd4 Nb6 28. Nb4 Nc4 29. Nc6 Rd7 30. Kf1 Kf8 31. Ke2 g6 32. Rb1 Rd6 33. Na7 Rxd4 34. Nxb5 Rd2+ 35. Kf3 Rxb2 36. Rxb2 Nxb2 37. Ke2 Nc4 38. Kd3 Ne5+ 39. Kc3 Ke7 40. Nd4 Kd6 41. f4 Nd7 42. Kb4 Kd5 43. Nb5 Nb6 44. Nc3+ Kd4 45. Nxa4 Nc4 46. Nc5 Nxa3 47. Nb3+ Ke3 48. Kxa3 Kf3 49. f5 gxf5 50. Nd4+ Kxg3 51. Nxf5+ Kxh3 52. Nxh6 Kg3 53. Nxf7 f5 54. Kb3 Kf4 55. Kc3 Ke3 56. Ng5 f4 57. Kc2 Ke2 58. Kc3 Kf2 59. Kd3 1/2-1/2

[Event "Manitoba op U1800"]
[Site "Winnipeg CAN"]
[Date "2025.05.11"]
[Round "4.14"]
[White "Joynt, Kayden"]
[Black "Adeyemi, Adebowale"]
[Result "0-1"]
[WhiteElo "1671"]
[BlackElo "1781"]
[WhiteFideId "-1"]
[WhiteFideId "-1"]
[PlyCount "102"]
[GameId "2183595120138823"]
[EventDate "2025.05.09"]
[EventType "swiss"]
[EventRounds "5"]
[EventCountry "CAN"]

1. d4 d5 2. Bf4 Bf5 3. e3 e6 4. c4 c6 5. Qb3 Qb6 6. c5 Qxb3 7. axb3 Nd7 8. Nc3 Ngf6 9. b4 Be7 10. b5 Nh5 11. b6 Nxf4 12. exf4 a6 13. Be2 O-O 14. g4 Bc2 15. g5 a5 16. Kd2 Bb3 17. Ra3 a4 18. Bd1 f6 19. Nh3 e5 20. gxf6 gxf6 21. Bxb3 axb3 22. Rxb3 exd4 23. Ne2 Bxc5 24. Rg3+ Kf7 25. Rhg1 Rg8 26. Rxg8 Rxg8 27. Ng3 Nxb6 28. b3 Rg7 29. Ra1 Ke6 30. Re1+ Kd7 31. Kd3 Re7 32. Rxe7+ Kxe7 33. Nf5+ Kf7 34. Nxd4 Bxd4 35. Kxd4 Nd7 36. f3 Ke6 37. Nf2 c5+ 38. Kd3 h5 39. Kc3 b6 40. Nd1 Kf5 41. Ne3+ Kxf4 42. Nxd5+ Kxf3 43. Kc4 f5 44. Kb5 f4 45. Nxb6 Nxb6 46. Kxb6 Ke3 47. Kxc5 f3 48. b4 f2 49. b5 f1=Q 50. b6 Qc1+ 51. Kb5 Qc8 0-1